Library Banner

Time-saver standards for landscape architecture (Record no. 61951)

MARC details
000 -LEADER
fixed length control field 00592nam a2200205Ia 4500
001 - CONTROL NUMBER
control field 61508
008 - FIXED-LENGTH DATA ELEMENTS--GENERAL INFORMATION
fixed length control field 141120s9999 xx 000 0 und d
020 ## - INTERNATIONAL STANDARD BOOK NUMBER
International Standard Book Number 0070170274
040 ## - CATALOGING SOURCE
Transcribing agency PK-LaUMT
082 ## - DEWEY DECIMAL CLASSIFICATION NUMBER
Classification number 712
Item number TIM-
100 ## - MAIN ENTRY--PERSONAL NAME
Personal name Harris, Charles W.
245 ## - TITLE STATEMENT
Title Time-saver standards for landscape architecture
Remainder of title design and construction data
Statement of responsibility, etc Harris, Charles W.|Dines, Nicholas T.|Brown, Kyle D.
250 ## - EDITION STATEMENT
Edition statement 2nd
260 ## - PUBLICATION, DISTRIBUTION, ETC. (IMPRINT)
Place of publication, distribution, etc New York,USA:
Name of publisher, distributor, etc McGraw-Hill,
Date of publication, distribution, etc 1998
300 ## - PHYSICAL DESCRIPTION
Extent Various Pages
546 ## - LANGUAGE NOTE
Language note EN
700 ## - ADDED ENTRY--PERSONAL NAME
Personal name Brown, Kyle D.
700 ## - ADDED ENTRY--PERSONAL NAME
Personal name Dines, Nicholas T.
942 ## - ADDED ENTRY ELEMENTS (KOHA)
Koha item type Books
Holdings
Withdrawn status Lost status Damaged status Not for loan Home library Current library Date acquired Total Checkouts Full call number Barcode Date last seen Date checked out Price effective from Koha item type
        UMT Main Campus UMT Main Campus 2014-11-18 12 712 TIM- 82656 2023-02-03 2023-01-16 2014-11-20 Books